波兰知名城市测试 - Statistics

General Stats
  • This quiz has been taken 47 times
    17 since last reset
  • The average score is 5 of 25
Answer Stats
提示 城市 % Correct
国家首都 华沙/Warsaw
100%
索要这座城市被拒是二战的借口与导火索 格但斯克/Gdańsk
85%
波兰王国最知名的历史古都 克拉科夫/Kraków
85%
波美拉尼亚地区历史上最重要的港口 什切青/Szczecin
46%
因最出名的犹太集中营被人所知 奥斯维辛/Oświęcim
38%
大波兰地区的历史古都之一和当下首府 波兹南/Poznań
31%
是欧盟人口最多大都市区的中心 卡托维兹/Katowice
23%
这座大学城的同名大学培养了9位诺贝尔奖得主 弗罗茨瓦夫/Wrocław
23%
三联市中较为重要的“另一端” 格丁尼亚/Gdynia
15%
这座城市的名字由它的波兰语含义意译,三个字分别是颜色,地理概念和“城” 绿山城/Zielona Góra
15%
是与白俄罗斯的贸易中心,卢卡申科称其“属于白俄罗斯” 比亚韦斯托克/Białystok
8%
波兰的历史上第一个首都 格涅兹诺/Gniezno
8%
圣十字省的首府,在1946年依然发生了对犹太人的大屠杀 凯尔采/Kielce
8%
这座因纺织业兴盛的城市在上世纪90年代经历了崩溃 罗兹/Łódź
8%
从16世纪末到18世纪末,这座城市一直是皇家法院所在地以及文化和高等教育中心 卢布林/Lublin
8%
上西里西亚的历史首都,直到二战后才被取代 奥波莱/Opole
8%
波兰东南部最大的城市,因为乌克兰难民人口增加了50% 热舒夫/Rzeszów
8%
塔特拉山脚下最知名的度假小镇,被称为“波兰的冬季首都” 扎科帕内/Zakopane
8%
这座城市由两座名字含义都是“白”的城市合并而成 别尔斯科-比亚瓦/Bielsko-Biała
0%
与上面的城市是同一个省的共同首府,是更大的一方,波兰的北约总部位于此 比得哥什/Bydgoszcz
0%
这座城市是圣母玛利亚的圣地,以黑圣母像而知名 琴斯托霍瓦/Częstochowa
0%
瓦尔米亚地区的最大城市,与条顿骑士团争夺期间,哥白尼亲自指挥了守城战 奥尔什丁/Olsztyn
0%
华沙之前马佐维亚地区的中心,被认为是波兰的前首都之一 普沃茨克/Płock
0%
波兰南部第二古老的城市,一战时俄罗斯和奥匈在这里进行了最血腥的围攻战 普热梅希尔/Przemyśl
0%
这座世界历史遗产古城是哥白尼的出生地 托伦/Toruń
0%
No matching quizzes found
Score Distribution
Percent of People with Each Score
Percentile by Number Answered
Your Score History
You have not taken this quiz since the last reset